[Event "Titled Tuesday intern op 14th Jan Early"]
[Site "Chess.com INT"]
[Date "2025.01.14"]
[Round "2"]
[White "Muniz, Francisco Allysson"]
[Black "Nery Junior, Jose Antonio"]
[Result "0-1"]
[WhiteElo "2165"]
[BlackElo "2082"]
[PlyCount "74"]
[EventDate "2025.01.14"]
[EventType "swiss (blitz)"]
[EventRounds "11"]
[EventCountry "USA"]
[SourceTitle "CB04_2025"]
[SourceDate "2025.01.22"]
[SourceVersion "1"]
[SourceVersionDate "2025.01.22"]
[SourceQuality "1"]

1. d4 Nf6 2. c4 c5 3. d5 e6 4. Nc3 exd5 5. cxd5 d6 6. e4 g6 7. f3 Bg7 8. Be3 0-0 9. Qd2 Na6 10. Rc1 Nc7 11. Bd3 Rb8 12. a4 b6 13. Nge2 Ba6 14. Bb5 Nxb5 15. axb5 Bb7 16. Ra1 Ra8 17. 0-0 a5 18. bxa6 Bxa6 19. Ra3 Bc4 20. Rfa1 Rxa3 21. Rxa3 b5 22. Ra1 Re8 23. Ng3 b4 24. Nd1 Nd7 25. Rc1 Nb6 26. Qf2 Bb3 27. Nf1 Qf6 28. Nd2 Bxd1 29. Rxd1 Qxb2 30. f4 Nxd5 31. exd5 Rxe3 32. Nc4 Qxf2+ 33. Kxf2 Rc3 34. Nxd6 b3 35. Ne4 Rc2+ 36. Kf3 b2 37. d6 Rc1 0-1

[Event "Titled Tuesday intern op 20th Aug Early"]
[Site "Chess.com INT"]
[Date "2024.08.20"]
[Round "2"]
[White "Nery Junior, Jose Antonio"]
[Black "Wisniacki, Flavio"]
[Result "1-0"]
[WhiteElo "2082"]
[BlackElo "2264"]
[PlyCount "107"]
[EventDate "2024.08.20"]
[EventType "swiss (blitz)"]
[EventRounds "11"]
[EventCountry "USA"]
[SourceTitle "EXT 2025"]
[Source "ChessBase"]
[SourceDate "2024.10.14"]
[SourceVersion "1"]
[SourceVersionDate "2024.10.14"]
[SourceQuality "1"]

1. e4 d6 2. d4 Nf6 3. Nc3 g6 4. f3 Bg7 5. Be3 e5 6. Qd2 0-0 7. Nge2 exd4 8. Nxd4 d5 9. e5 Nfd7 10. e6 Ne5 11. exf7+ Nxf7 12. Nb3 c6 13. 0-0-0 a5 14. a4 b5 15. axb5 a4 16. Nc5 a3 17. Kb1 axb2 18. Nb3 Qe7 19. Bc5 Qe5 20. Bd4 Qd6 21. Bc5 Qc7 22. b6 Qe5 23. Bd4 Qe7 24. Bc5 Qf6 25. Bd4 Qd8 26. Bxg7 Kxg7 27. Qd4+ Kg8 28. Na4 Nd7 29. Bd3 Nd6 30. Rhe1 Qf6 31. Qxf6 Rxf6 32. b7 Bxb7 33. Nac5 Nxc5 34. Nxc5 Bc8 35. Kxb2 Bf5 36. Re7 Bxd3 37. cxd3 Rf7 38. Rde1 Nb5 39. R1e6 Nd4 40. Re8+ Rxe8 41. Rxe8+ Kg7 42. Kc3 Nb5+ 43. Kb2 Ra7 44. g4 Nd4 45. f4 Rf7 46. Kc3 Rxf4 47. g5 Rg4 48. h3 Rf4 49. Kd2 Rf5 50. Ke3 Nc2+ 51. Kd2 Rf2+ 52. Kc3 Rg2 53. Re7+ Kg8 54. Ne6 1-0

[Event "Titled Tuesday intern op 13th Aug Early"]
[Site "Chess.com INT"]
[Date "2024.08.13"]
[Round "7"]
[White "Nery Junior, Jose Antonio"]
[Black "Gomez Aguirre, Juan Alberto"]
[Result "1-0"]
[WhiteElo "2082"]
[BlackElo "2340"]
[PlyCount "69"]
[EventDate "2024.08.13"]
[EventType "swiss (blitz)"]
[EventRounds "11"]
[EventCountry "USA"]
[SourceTitle "EXT 2025"]
[Source "ChessBase"]
[SourceDate "2024.10.14"]
[SourceVersion "1"]
[SourceVersionDate "2024.10.14"]
[SourceQuality "1"]

1. e4 d5 2. exd5 Qxd5 3. Nc3 Qa5 4. d4 Nf6 5. Bc4 c6 6. h3 Bf5 7. Nf3 Ne4 8. Bd2 Nxd2 9. Qxd2 e6 10. 0-0 Bb4 11. Rfe1 0-0 12. Re5 Qc7 13. Rae1 Nd7 14. R5e2 Nb6 15. Bd3 Bg6 16. Bxg6 hxg6 17. Qd3 Be7 18. Ne5 Nd5 19. Nxd5 cxd5 20. Re3 Rac8 21. c3 b5 22. Qxb5 Rb8 23. Qe2 Qb6 24. Nd3 Qa6 25. a3 Qc4 26. Rf3 Bf6 27. Qd2 a5 28. g4 Qc7 29. Kg2 Be7 30. g5 Qc8 31. h4 f6 32. Nf4 fxg5 33. Nxg6 Re8 34. hxg5 Qd8 35. Rh1 1-0

[Event "Titled Tuesday intern op 14th May Late"]
[Site "Chess.com INT"]
[Date "2024.05.14"]
[Round "4"]
[White "Nery Junior, Jose Antonio"]
[Black "Bettalli, Francesco"]
[Result "0-1"]
[WhiteElo "2082"]
[BlackElo "2342"]
[PlyCount "56"]
[EventDate "2024.05.14"]
[EventType "swiss (blitz)"]
[EventRounds "11"]
[EventCountry "USA"]
[SourceTitle "CBM 220 Extra"]
[Source "ChessBase"]
[SourceDate "2024.07.31"]
[SourceVersion "1"]
[SourceVersionDate "2024.07.31"]
[SourceQuality "1"]

1. e4 e5 2. Nf3 Nc6 3. Bc4 Bc5 4. c3 Nf6 5. d3 0-0 6. Bb3 d6 7. Nbd2 Ne7 8. h3 Ng6 9. Nf1 h6 10. Ng3 a6 11. 0-0 Ba7 12. Qe2 Be6 13. Bc2 b5 14. Be3 Bxe3 15. fxe3 c5 16. Nf5 d5 17. N3h4 Nxh4 18. Nxh4 dxe4 19. dxe4 Bc4 20. Qf2 Bxf1 21. Rxf1 Ne8 22. Qg3 Qg5 23. Qf2 Nd6 24. Nf5 Nxf5 25. exf5 Rad8 26. Be4 Rd6 27. Qf3 Rfd8 28. Bd5 Rxd5 0-1

[Event "Titled Tuesday intern op 19th Dec Late"]
[Site "Chess.com INT"]
[Date "2023.12.19"]
[Round "3"]
[White "Nery Junior, Jose Antonio"]
[Black "Kniazev, Igor"]
[Result "1/2-1/2"]
[WhiteElo "2082"]
[BlackElo "2036"]
[PlyCount "96"]
[EventDate "2023.12.19"]
[EventType "swiss (blitz)"]
[EventRounds "11"]
[EventCountry "USA"]
[SourceTitle "EXT 2025"]
[Source "ChessBase"]
[SourceDate "2024.10.14"]
[SourceVersion "1"]
[SourceVersionDate "2024.10.14"]
[SourceQuality "1"]

1. e4 e5 2. Nf3 Nf6 3. Bc4 Nxe4 4. Nc3 Nxc3 5. dxc3 f6 6. Nh4 g6 7. 0-0 c6 8. f4 d5 9. Bb3 Bc5+ 10. Kh1 0-0 11. fxe5 fxe5 12. Rxf8+ Qxf8 13. Bxd5+ cxd5 14. Qxd5+ Qf7 15. Qxc5 Qf1+ 16. Qg1 Qxg1+ 17. Kxg1 e4 18. Kf2 Nc6 19. Ke3 g5 20. Kxe4 gxh4 21. Bf4 Bg4 22. Bd6 Re8+ 23. Kf4 h5 24. h3 Bc8 25. Kg5 Re6 26. Ba3 Re2 27. Rg1 Rxc2 28. Kxh5 Ne5 29. Kxh4 Nc4 30. Bc5 b6 31. Bd4 Rxb2 32. Re1 Kf7 33. g4 Rh2 34. Kg3 Rxa2 35. h4 a5 36. h5 a4 37. g5 Bf5 38. Rf1 Ke6 39. g6 Nd2 40. Rxf5 Kxf5 41. g7 Ne4+ 42. Kf3 Nd2+ 43. Ke3 Nf1+ 44. Kf3 Nd2+ 45. Kg2 Ne4+ 46. Kh3 Ng5+ 47. Kg3 Ne4+ 48. Kf3 Nd2+ 1/2-1/2

[Event "Titled Tuesday intern op 19th Dec Late"]
[Site "Chess.com INT"]
[Date "2023.12.19"]
[Round "1"]
[White "Sourath, Biswas"]
[Black "Nery Junior, Jose Antonio"]
[Result "1-0"]
[WhiteElo "2305"]
[BlackElo "2082"]
[PlyCount "69"]
[EventDate "2023.12.19"]
[EventType "swiss (blitz)"]
[EventRounds "11"]
[EventCountry "USA"]
[SourceTitle "EXT 2025"]
[Source "ChessBase"]
[SourceDate "2024.10.14"]
[SourceVersion "1"]
[SourceVersionDate "2024.10.14"]
[SourceQuality "1"]

1. d4 d5 2. Bf4 c5 3. e3 Nc6 4. Nf3 Bf5 5. dxc5 e6 6. Nd4 Bxc5 7. Nxf5 exf5 8. c3 Nf6 9. Be2 h6 10. Nd2 0-0 11. Qc2 Ne7 12. 0-0 Ne4 13. Rfd1 Qb6 14. Nb3 Bd6 15. Bxd6 Qxd6 16. Bf3 Qe5 17. g3 Rac8 18. Qd3 Rfd8 19. Qd4 Qb8 20. Bg2 Rc6 21. Qd3 Rg6 22. Nd4 a6 23. Qe2 Qe5 24. Rac1 b5 25. a4 bxa4 26. Ra1 Nc5 27. Nf3 Qf6 28. Nd4 Nc6 29. Qc2 Ne7 30. Ne2 Rg4 31. Nf4 Qe5 32. h3 Rg5 33. Nd3 Nxd3 34. Rxd3 h5 35. f4 1-0

[Event "Titled Tuesday intern op 05th Dec Late"]
[Site "Chess.com INT"]
[Date "2023.12.05"]
[Round "5"]
[White "Nery Junior, Jose Antonio"]
[Black "Sailer, Mike L"]
[Result "1-0"]
[WhiteElo "2082"]
[BlackElo "2095"]
[PlyCount "55"]
[EventDate "2023.12.05"]
[EventType "swiss (blitz)"]
[EventRounds "11"]
[EventCountry "USA"]
[SourceTitle "EXT 2025"]
[Source "ChessBase"]
[SourceDate "2024.10.14"]
[SourceVersion "1"]
[SourceVersionDate "2024.10.14"]
[SourceQuality "1"]

1. e4 d5 2. exd5 Qxd5 3. Nc3 Qd6 4. Ne4 Qe6 5. Qe2 Nf6 6. Nxf6+ gxf6 7. Nf3 Nc6 8. d4 Rg8 9. Be3 Qd5 10. c3 Bg4 11. h3 Bxf3 12. gxf3 0-0-0 13. a3 e5 14. 0-0-0 Qa2 15. Qc4 Qxc4 16. Bxc4 exd4 17. Bxf7 Rg2 18. Be6+ Kb8 19. cxd4 Rd6 20. Bf5 Ne7 21. Bxh7 f5 22. Rhg1 Rh2 23. Rh1 Rxh1 24. Rxh1 Kc8 25. h4 Kd7 26. Rg1 Ke6 27. Bg8+ Kf6 28. Bg5+ 1-0

[Event "Titled Tuesday intern op 05th Dec Late"]
[Site "Chess.com INT"]
[Date "2023.12.05"]
[Round "4"]
[White "Pesotskiy, Mikhail"]
[Black "Nery Junior, Jose Antonio"]
[Result "1-0"]
[WhiteElo "2143"]
[BlackElo "2082"]
[PlyCount "87"]
[EventDate "2023.12.05"]
[EventType "swiss (blitz)"]
[EventRounds "11"]
[EventCountry "USA"]
[SourceTitle "EXT 2025"]
[Source "ChessBase"]
[SourceDate "2024.10.14"]
[SourceVersion "1"]
[SourceVersionDate "2024.10.14"]
[SourceQuality "1"]

1. d4 d5 2. c4 c6 3. Nf3 Nf6 4. Nbd2 e6 5. e3 Nbd7 6. b3 Bd6 7. Bb2 Qe7 8. Ne5 Ne4 9. Bd3 Nxd2 10. Qxd2 Nxe5 11. dxe5 Bb4 12. Bc3 Bxc3 13. Qxc3 0-0 14. 0-0 f5 15. exf6 Rxf6 16. e4 Rh6 17. Qe5 Qf6 18. Qxf6 Rxf6 19. exd5 exd5 20. cxd5 cxd5 21. Rac1 Rc6 22. Bb5 Rxc1 23. Rxc1 Bf5 24. f3 a6 25. Bf1 Rd8 26. Kf2 Kf7 27. Ke3 Rd7 28. Kd4 h5 29. g3 Ke6 30. Re1+ Kd6 31. Re5 Be6 32. Rxe6+ Kxe6 33. Bh3+ Ke7 34. Bxd7 Kxd7 35. Kxd5 Ke7 36. h4 g6 37. g4 g5 38. Ke4 hxg4 39. hxg5 g3 40. Ke3 Ke6 41. f4 Kf5 42. Kf3 g2 43. Kxg2 Kxf4 44. g6 1-0

[Event "Titled Tuesday intern op 28th Nov Late"]
[Site "Chess.com INT"]
[Date "2023.11.28"]
[Round "8"]
[White "Golubenko, Valentina"]
[Black "Nery Junior, Jose Antonio"]
[Result "1-0"]
[WhiteElo "2209"]
[BlackElo "2082"]
[PlyCount "141"]
[EventDate "2023.11.28"]
[EventType "swiss (blitz)"]
[EventRounds "11"]
[EventCountry "USA"]
[SourceTitle "EXT 2025"]
[Source "ChessBase"]
[SourceDate "2024.10.14"]
[SourceVersion "1"]
[SourceVersionDate "2024.10.14"]
[SourceQuality "1"]

1. Nf3 Nf6 2. g3 c5 3. d4 d5 4. Bg2 Nc6 5. 0-0 cxd4 6. Nxd4 g6 7. Nxc6 bxc6 8. c4 Bg7 9. cxd5 cxd5 10. Nc3 Bb7 11. Qa4+ Qd7 12. Qxd7+ Kxd7 13. Rd1 e6 14. e4 Rhd8 15. Bg5 h6 16. Bxf6 Bxf6 17. exd5 exd5 18. Nxd5 Bxd5 19. Bxd5 Rab8 20. Bxf7+ Ke7 21. Bxg6 Rxd1+ 22. Rxd1 Rxb2 23. Re1+ Kd6 24. Bf7 Bd4 25. Rf1 Ke7 26. Bb3 a5 27. Kg2 a4 28. Bxa4 Rxa2 29. Bb3 Rb2 30. Bd5 Kf6 31. Kf3 Ke5 32. Bc4 Rc2 33. Bg8 Rc8 34. Re1+ Kf6 35. Bh7 Rc3+ 36. Kg4 Kg7 37. Re7+ Kf6 38. Re2 Bc5 39. f4 Kg7 40. Be4 Ra3 41. Bf5 Bd6 42. Re6 Bf8 43. Rg6+ Kf7 44. Rb6 Ra7 45. h4 Be7 46. Be6+ Kg7 47. f5 Bf6 48. Rd6 Ra4+ 49. Kh5 Be7 50. Rd7 Kf6 51. g4 Bc5 52. g5+ hxg5 53. hxg5+ Ke5 54. Kg6 Ra1 55. Rd5+ Ke4 56. Rxc5 Rg1 57. Rc4+ Ke5 58. f6 Kxe6 59. Re4+ Kd5 60. Re2 Rf1 61. Kg7 Kd6 62. f7 Rg1 63. g6 Kd5 64. f8Q Kd4 65. Qf6+ Kd3 66. Qf3+ Kc4 67. Re4+ Kd5 68. Qf5+ Kc6 69. Re6+ Kb7 70. Qf7+ Kc8 71. Re8# 1-0

[Event "Titled Tuesday intern op 28th Nov Late"]
[Site "Chess.com INT"]
[Date "2023.11.28"]
[Round "10"]
[White "Nery Junior, Jose Antonio"]
[Black "Ghosh, Chanchal Kumer"]
[Result "1/2-1/2"]
[WhiteElo "2082"]
[BlackElo "2026"]
[PlyCount "124"]
[EventDate "2023.11.28"]
[EventType "swiss (blitz)"]
[EventRounds "11"]
[EventCountry "USA"]
[SourceTitle "EXT 2025"]
[Source "ChessBase"]
[SourceDate "2024.10.14"]
[SourceVersion "1"]
[SourceVersionDate "2024.10.14"]
[SourceQuality "1"]

1. e4 c5 2. Nf3 d6 3. d4 cxd4 4. Nxd4 Nf6 5. Nc3 a6 6. Bg5 e6 7. Qd2 Be7 8. f3 0-0 9. Be3 Nbd7 10. 0-0-0 Qc7 11. Kb1 b5 12. g4 Rb8 13. g5 Nh5 14. Nce2 Nb6 15. Ng3 Nc4 16. Bxc4 bxc4 17. c3 g6 18. Nxh5 gxh5 19. f4 d5 20. e5 Ba3 21. Nb3 cxb3 22. bxa3 bxa2+ 23. Ka1 Rb3 24. Kxa2 Qc4 25. Qd4 Rxc3+ 26. Qxc4 Rxc4 27. Rc1 Re4 28. Bc5 Rd8 29. Be7 Re8 30. Bf6 Bd7 31. Rc7 Bb5 32. Rhc1 Bc4+ 33. Kb2 Rxf4 34. Rb7 Rf2+ 35. Rc2 Rxc2+ 36. Kxc2 Rf8 37. Be7 Re8 38. Bf6 h4 39. Kc3 h3 40. Kd4 Rc8 41. Ke3 Bb5 42. Kf4 Bd3 43. Ra7 Bg6 44. Rxa6 Rc4+ 45. Ke3 Rc3+ 46. Kd4 Rc4+ 47. Ke3 h6 48. gxh6 Kh7 49. Bg7 Bh5 50. Ra8 Kg6 51. Rg8 Kh7 52. Ra8 Kg6 53. a4 Rc2 54. a5 Rxh2 55. Bf6 Ra2 56. h7 Kxh7 57. Kf4 h2 58. Rh8+ Kg6 59. Rg8+ Kh6 60. Rh8+ Kg6 61. Rg8+ Kh7 62. Rh8+ Kg6 1/2-1/2

[Event "Titled Tuesday intern op 28th Nov Late"]
[Site "Chess.com INT"]
[Date "2023.11.28"]
[Round "6"]
[White "Nery Junior, Jose Antonio"]
[Black "Yushko, Olga"]
[Result "1-0"]
[WhiteElo "2082"]
[BlackElo "2064"]
[PlyCount "31"]
[EventDate "2023.11.28"]
[EventType "swiss (blitz)"]
[EventRounds "11"]
[EventCountry "USA"]
[SourceTitle "EXT 2025"]
[Source "ChessBase"]
[SourceDate "2024.10.14"]
[SourceVersion "1"]
[SourceVersionDate "2024.10.14"]
[SourceQuality "1"]

1. e4 e6 2. d4 d5 3. Nd2 Nf6 4. e5 Nfd7 5. Bd3 c5 6. c3 Nc6 7. Ne2 Qb6 8. Nf3 cxd4 9. cxd4 Bb4+ 10. Kf1 0-0 11. Bxh7+ Kxh7 12. Ng5+ Kg8 13. Qd3 g6 14. Qh3 Re8 15. Qh7+ Kf8 16. Qxf7# 1-0